Les populations mondiales - Statistiques

Statistiques générales
  • Ce quiz a été pris 989 fois
    906 depuis la dernière actualisation
  • Le résultat moyen est 39 sur 50
Statistiques - réponses
Hint Réponse % Correct
1.448.471.000 Chine
100%
334.805.000 États-Unis
99%
67.390.000 France
99%
1.406.632.000 Inde
99%
145.806.000 Russie
98%
215.354.000 Brésil
97%
83.884.000 Allemagne
96%
46.719.000 Espagne
95%
125.585.000 Japon
95%
131.563.000 Mexique
95%
68.498.000 Royaume-Uni
94%
46.010.000 Argentine
93%
45.350.000 Algérie
92%
38.388.000 Canada
92%
60.263.000 Italie
92%
37.773.000 Maroc
90%
279.135.000 Indonésie
89%
60.756.000 Afrique du Sud
88%
106.157.000 Égypte
88%
229.489.000 Pakistan
88%
95.241.000 République démocratique du Congo
88%
216.747.000 Nigeria
86%
85.562.000 Turquie
86%
37.740.000 Pologne
84%
51.513.000 Colombie
83%
86.023.000 Iran
82%
43.192.000 Ukraine
82%
51.330.000 Corée du Sud
81%
35.845.000 Arabie Saoudite
79%
70.078.000 Thaïlande
79%
42.165.000 Irak
77%
98.954.000 Viêt Nam
77%
167.886.000 Bangladesh
76%
33.684.000 Pérou
76%
120.813.000 Éthiopie
73%
112.509.000 Philippines
70%
45.992.000 Soudan
70%
29.265.000 Venezuela
69%
40.754.000 Afghanistan
68%
56.215.000 Kenya
66%
33.181.000 Malaisie
63%
63.299.000 Tanzanie
63%
35.027.000 Angola
57%
55.227.000 Birmanie
57%
33.089.000 Mozambique
51%
34.382.000 Ouzbékistan
45%
30.226.000 Népal
44%
31.155.000 Yemen
44%
48.433.000 Ouganda
43%
32.395.000 Ghana
40%
Aucun quiz correspondant
Distribution des résultats
% des personnes avec chaque résultat
Percentile par nombre de réponses
Votre historique - résultats
Vous n’avez pas pris ce quiz depuis la dernière actualisation